Desarrollo y ejecución de un programa educativo para informar a los distribuidores de productos de maderas sobre las ventajas de utilizar maderas tropicales producidas por los países miembros (Registro nro. 1398)

Detalles MARC
000 -CABECERA
Campo de control 00821nam a2200193 a 4500
005 - FECHA Y HORA DE LA ULTIMA TRANSACCION
Campo de control 20160316084641.0
008 - ELEMENTOS DE LONGITUD FIJA—INFORMACION GENERAL
Campo de control 160316b gh d fr|||| 001 0 spa d
040 ## - FUENTE DE CATALOGACIÓN
Agencia catalogadora original CO-BoIAVH
Agencia transcriptora CO-BoIAVH
041 1# - IDIOMA
Código de idioma para texto/pista de sonido o título separado Español
082 04 - NUMERO DE CLASIFICACION DECIMAL DEWEY
Número de clasificación 333.7513
Número del ítem D44e
245 10 - MENCION DE TITULO
Título Desarrollo y ejecución de un programa educativo para informar a los distribuidores de productos de maderas sobre las ventajas de utilizar maderas tropicales producidas por los países miembros
260 ## - PUBLICACION, DISTRIBUCION, ETC. (PIE DE IMPRENTA)
Lugar de publicación, distribución, etc. [s. l.] :
Nombre del editor, distribuidor, etc. OIMT,
Fecha de publicación, distribución, etc. [1996?].
300 ## - DESCRIPCION FISICA
Extensión 16 páginas :
Otros detalles físicos tablas ;
Dimensiones 30 x 21 centímetros
650 #6 - ASIENTO SECUNDARIO DE MATERIA - TERMINO TEMATICO
Término temático o nombre geográfico como elemento de entrada Productos forestales
Subdivisión de forma proyectos
9 (RLIN) 64123
650 #4 - ASIENTO SECUNDARIO DE MATERIA - TERMINO TEMATICO
Término temático o nombre geográfico como elemento de entrada Madera tropical
9 (RLIN) 64124
650 #6 - ASIENTO SECUNDARIO DE MATERIA - TERMINO TEMATICO
Término temático o nombre geográfico como elemento de entrada Industria forestal
Subdivisión general comercio de productos forestales
Subdivisión de forma proyectos
9 (RLIN) 64125
710 2# - ASIENTO SECUNDARIO - NOMBRE CORPORATIVO
Nombre corporativo o de jurisdicción como elemento de entrada Organización Internacional de Maderas Tropicales
9 (RLIN) 12100
942 ## - ELEMENTOS ADICIONALES (KOHA)
Tipo de ítem Folleto
Sistema de clasificación Dewey Decimal Classification
Existencias
Withdrawn status Lost status Sistema de Clasificación Damaged status No para préstamo Colección Inventariado Ubicación Permanente Ubicación actual Fecha de adquisición Total Checkouts Número topográfico Inventario / Código de Barras Date last seen Ejemplar Price effective from Forma de adquisición Tipo de material
    Dewey Decimal Classification     General Inventariado 2017 Bogotá Bogotá 16/07/1999   LB-333.7513 D44e 001939 04/12/2012 Ej. 1 04/12/2012   Folleto